Statistics for We Will Rock You Lyrics

Click here to take the quiz!

General Stats

  • This quiz has been taken 580 times
  • The average score is 14 of 20

Answer Stats

HintAnswer% Correct
We will, we will ____ you.rock
97%
We will, we will ____ you.rock
97%
We will, we will ____ you,rock
97%
We will, we will ____ you.rock
97%
We will, we will ____ you,rock
97%
We will, we will ____ you,rock
97%
Singin' we will, we will ____ you,rock
97%
We will, we will ____ you.rock
97%
You got ___ on your ____, you big ________,mud, face, disgrace
73%
You got ___ on your ____, you big ________,mud, face, disgrace
73%
Kickin' your ___ all over the _____.can, place
60%
You got _____ on your ____, you big ________,blood, face, disgrace
59%
Buddy, you're a ___, make a big _____,boy, noise
56%
Playin' in the ______, gonna be a big ___ some day.street, man
56%
Somebody better ___ you back into your _____.put, place
53%
Wavin' your ______ all over the _____.banner, place
50%
Shoutin' in the ______, gonna take on the _____ some day.street, world
50%
Buddy, you're a _____ man, ____ man,young, hard
39%
Buddy, you're an ___ man, ____ man,old, poor
38%
Pleadin' with your ____, gonna make you some _____ some day.eyes, peace
22%

Score Distribution

Percentile by Number Answered

Percent of People with Each Score

Your Score History

You have not taken this quiz